| 000 | 00394nam a2200145Ia 4500 | ||
|---|---|---|---|
| 008 | 220217s9999||||xx |||||||||||||| ||und|| | ||
| 020 | _a9780070636927 | ||
| 082 | _a004.65 PEC | ||
| 100 | _aP E, Clint Smith and Collins, Daniel | ||
| 245 | 0 | _a3G Wireless Networks | |
| 250 | _a2 | ||
| 260 |
_aTata Mcgraw hill _bNew Delhi _c2011 |
||
| 300 |
_axxi;695 _b595 |
||
| 650 | _aCOMPUTER NETWORK | ||
| 999 |
_c183040 _d183040 |
||